000 00400nam a22001577a 4500
005 20250609094632.0
008 250609b |||||||| |||| 00| 0 eng d
020 _a9966223215
050 _aPL 8702.T36 2003 V.1 C.5
100 _aNJOGU KIMANI
245 _aTANZU ZA LUGHA
260 _aNAIROBI
_bJOMO KENYATTA FOUNDATION
_c2003
300 _aX111,363P.
650 _aKISWAHILI
942 _2lcc
_cBK
999 _c215624
_d215624